Major League Baseball Cy Young Award Hodgepoge - Statistics

General Stats
  • This quiz has been taken 15 times
  • The average score is 10 of 21
Answer Stats
Category Answer % Correct
Cy Young Award winner with lowest ERA - Starting pitcher (1.12) Bob Gibson
92%
Most Career Cy Young awards Roger Clemens
92%
Only pitcher to win the Cy Young and Rookie of the Year awards in the same season Fernando Valenzuela
83%
Most Consecutive Cy Young awards (there are two with four - name one) Greg Maddux/Randy Johnson
83%
Team with most Cy Young award winners Brooklyn/Los Angeles Dodgers
75%
First year that Cy Young award was presented 1956
67%
Number of pitchers to win the Cy Young and MVP in the same year 11
58%
First pitcher to win two Cy Young awards Sandy Koufax
58%
First pitcher to win the Cy Young award in both leagues Gaylord Perry
50%
Cy Young Award winner with lowest ERA - Relief pitcher (1.04) Rollie Fingers
50%
The two teams who have never produced a Cy Young Award winner (name one) Colorado Rockies/Texas Rangers
33%
First Cy Young award winner Don Newcombe
33%
First relief pitcher to win the Cy Young award Mike Marshall
33%
First Left-hander to win a Cy Young Award Warren Spahn
33%
First year when the award was given to a pitcher from both leagues 1967
25%
Cy Young winner with most regular season wins Denny McClain
25%
Youngest Cy Young winner Dwight Gooden
25%
Only pitcher to win Cy Young awards with four different teams Roger Clemens
25%
First pitcher to win more than three Cy Young awards Steve Carlton
17%
Cy Young Award Winner with the highest ERA (3.66) Lamarr Hoyt
8%
Oldest Cy Young winner Roger Clemens
8%
No matching quizzes found
Score Distribution
Percent of People with Each Score
Percentile by Number Answered
Your Score History
You have not taken this quiz